Írsko už nepotrebuje pomoc z eurovalu

Írsko, ktoré muselo v dlhovej kríze požiadať o medzinárodnú finančnú pomoc, nebude potrebovať ďalší zachranný balík z trvalého eurovalu. Írska vláda má k dispozícii rekordný objem hotovostných rezerv, ktoré krajine umožnia preklenúť ročné obdobie prípadnej neistoty na finančných trhoch. Pre dlhodobé...

Description complète

Enregistré dans:
Détails bibliographiques
Auteur principal: Lehuta, Michal
Format: Chapitre de livre
Langue:slovaque
Sujets:
Tags: Ajouter un tag
Pas de tags, Soyez le premier à ajouter un tag!

MARC

LEADER 00000naa a2200000 4500
001 0179488
005 20231113081314.6
041 0 |a slo 
044 |a SK 
245 1 0 |a Írsko už nepotrebuje pomoc z eurovalu  |c Michal Lehuta 
520 |a Írsko, ktoré muselo v dlhovej kríze požiadať o medzinárodnú finančnú pomoc, nebude potrebovať ďalší zachranný balík z trvalého eurovalu. Írska vláda má k dispozícii rekordný objem hotovostných rezerv, ktoré krajine umožnia preklenúť ročné obdobie prípadnej neistoty na finančných trhoch. Pre dlhodobé znižovanie dlhu bude kľúčový budúci hospodársky rast v krajine. Výška finančnej pomoci poskytnutá problémovým európskym krajinám. 
610 2 0 |a zadlženosť 
610 2 0 |a dlhy 
610 2 0 |a pôžičky 
610 2 0 |a pomoc finančná 
610 2 0 |a kríza finančná 
610 2 0 |a Írsko 
610 2 0 |a Európska únia 
100 1 |a Lehuta, Michal